| 000 | 00646nam a2200241Ia 4500 | ||
|---|---|---|---|
| 003 | OSt | ||
| 005 | 20221005043531.0 | ||
| 006 | a|||||r|||| 00| 0 | ||
| 007 | ta | ||
| 008 | 221004b |||||||| |||| 00| 0 eng d | ||
| 024 | _a37792 | ||
| 037 | _cTextual | ||
| 040 |
_aCRL _cCRL _beng |
||
| 041 |
_2eng _aeng |
||
| 082 | _a/\22:3:14, 113 J6 | ||
| 100 |
_aSivananda Saraswati _950062 |
||
| 245 | 0 | _aKriya yoga | |
| 260 |
_aGettenbach _bLebensweiser verlag budingen _c1956 |
||
| 300 |
_a52 _ccm. |
||
| 650 | _aSPIRITUALISM | ||
| 942 |
_h/\22:3:14, 113 J6 _cTEXL _2cc |
||
| 999 |
_c951989 _d951989 |
||